LEADER 01760nam0 2200409 i 450 001 RMS0142864 005 20231121125808.0 010 $a8815084118 020 $aIT$b2002-15841 100 $a20020925d2001 ||||0itac50 ba 101 | $aita 102 $ait 181 1$6z01$ai $bxxxe 182 1$6z01$an 200 1 $aGuerra e rivoluzione in Europa, 1905-1956$fAndrea Graziosi 210 $aBologna$cIl mulino$dİ2001 215 $a327 p., \4! c. di tav.$d21 cm. 225 | $aIncontri$v28 410 0$1001IEI0115670$12001 $aIncontri$v28 606 $aEuropa centro-orientale$x1905-1956$2FIR$3RMLC412670$9I 606 $aEuropa centro-orientale$x1905-1906$2FIR$3RMLC188597$9I 676 $a940.5$9$v21 676 $a943.000904$9STORIA. EUROPA CENTRALE. 20. sec.$v21 700 1$aGraziosi$b, Andrea$f <1954- >$3CFIV066717$4070$0119723 790 1$aGraziosi$b, Andrea$c $3SBNV032713$zGraziosi, Andrea <1954- > 801 3$aIT$bIT-01$c20020925 850 $aIT-RM028 $aIT-RM0289 $aIT-RM0418 $aIT-RM0460 $aIT-FR0017 899 $aBiblioteca Universitaria Alessandrina$bRM028 899 $aBiblioteca Statale A. Baldini$bRM0289 899 $aBIBLIOTECA ACCADEMIA NAZ. DEI LINCEI E CORSINIANA$bRM0418 899 $aBiblioteca Dell' Archivio Centrale Dello Stato$bRM0460 899 $aBiblioteca umanistica Giorgio Aprea$bFR0017 $eN 912 $aRMS0142864 950 0$aBiblioteca umanistica Giorgio Aprea$d 52MAG 5/2110$e 52FLS0000282995 VMB RS $fA $h20200908$i20200908 977 $a 01$a 04$a 10$a 27$a 52 996 $aGuerra e rivoluzione in Europa$9706862 997 $aUNICAS